000 01668nam a2200277 4500
001 113571
003 DR-UNIBE
005 20250624062550.0
008 250507b2008 mx ||||| |||| 00| 0 spa d
020 _a9789707128910
040 _aBIBLIOTECA UNIBE
_bspa
_cBIBLIOTECA UNIBE
_erda
041 _aspa
082 _222
_a342.972 M611t 2008
110 0 _aMexico. Suprema Corte de Justicia de la Nación
_eautor
_9194807
245 1 0 _aTribunales Constitucionales y Democracia /
_cpresentación: Guillermo Iberio Ortíz Mayagoitia
246 _aTribunales Constitucionales y consolidación de la democracia, 2007
250 _aSegunda edición
260 _aMéxico :
_bSuprema Corte de Justicia de la Nación,
_c2008
300 _axlviii, 1724 páginas :
_c23 x 16 cm
500 _aComentario de la obra y lista de autores en las solapas. Conferencias presentadas en el Simposium El papel de los tribunales constitucionales en la consolidación democrática del 17 de octubre de 2007.
505 _aPresentación | Estudio preliminar | Capítulo I. Conferencias del simposium "El papel de los tribunales constitucionales en la consolidación democrática | Capítulo II. Los tribunales constitucionales y la democracia | Capítulo III. Los tribunales constitucionales y la consolidación democrática | Capítulo IV. La perspectiva de los jueces sobre el tribunal constitucional en la democracia | Sobre los autores
650 7 _2lemb
_a Tribunales constitucionales
_zMéxico
_9196499
650 7 _2lemb
_a Democracia
_xLeyes y legislación
_zMéxico
_9196500
700 0 _aOrtíz Mayagoitia, Guillermo Iberio,
_d1941-
_epresentador
_9195018
942 _2ddc
_cBK
999 _c113571
_d113571